000 01937cam a22004934i 4500
003 PE-LiUPU
005 20250731172830.0
008 150814s2013 flua r 000 0 eng d
020 _a9780984479214
035 _a(Sirsi) i9780984479214
040 _aPE-LiUPU
_bspa
_cPE-LiUPU
_erda
049 _aPRUA
082 0 4 _a220.0613
_bB57
_2
100 1 _aBlake, Chris,
_eautor.
245 1 0 _aCreation Health :
_bbible program : a journey of discovery /
_cChris Blake.
264 1 _aFlorida :
_bCreation health,
_c[2013].
300 _a228 páginas :
_bilustraciones ;
_c22 centímetros
336 _atext
_2rdacontent
337 _aunmediated
_2rdamedia
338 _avolume
_2rdacarrier
505 0 _aChoice -- rest -- environment -- activity -- trust -- interpersonal relationships -- outlook -- nutrition -- notes.
526 _aSEG42
526 _aSEG41
526 _aSEG40
526 _aSEG39
526 _aP94
526 _aP87
526 _aP86
526 _aP85
526 _aP77
526 _aP76
526 _aP35
650 4 _aSalud en la biblia.
910 _acce
_bjvq
_ccce
_d20150814
942 _2ddc
_cBOOK
949 _a220.0613 B57
_wDEWEY
_c1
_i70834
_lCCODEBUL1
_mBUL
_r0
_sY
_tBOOK
_u2015-8-14
_xTEOLOGIA
_PP35
_0COMPRA
_o.STAFF. Colección General
949 _a220.0613 B57
_wDEWEY
_c2
_i71504
_lCCODEBUL1
_mBUL
_r0
_sY
_tBOOK
_u2015-9-17
_xTEOLOGIA
_PP35
_0COMPRA
_o.STAFF. Colección General
994 _aC0
_bPEPRU
596 _a1
999 _a220.0613 B57
_wDEWEY
_c6734
_i70834
_f2021-11-9
_g5
_lCCODEBUL1
_mBUL
_r0
_sY
_tBOOK
_u2015-8-14
_xTEOLOGIA
_PP35
_0COMPRA
_o.STAFF. Colección General
_d6734
999 _a220.0613 B57
_wDEWEY
_c2
_i71504
_d2018-5-7
_f2021-11-9
_g5
_lCCODEBUL1
_mBUL
_q1
_r0
_sY
_tBOOK
_u2015-9-17
_xTEOLOGIA
_PP35
_0COMPRA
_o.STAFF. Colección General
980 _81
_gALBERTO SANCHEZ Responsable de Automatización